Statistics for Generation IX Pokémon

Click here to take the quiz!

General Stats

  • This quiz has been taken 13 times
  • The average score is 17 of 21

Answer Stats

TypeAnswer% Correct
FireFuecoco
100%
"Scarlet"Koraidon
100%
"Violet"Miraidon
100%
ElectricPawmi
100%
WaterQuaxly
100%
Grass/NormalSmoliv
100%
GrassSprigatito
100%
IceCetitan
92%
Dragon/NormalCyclizar
92%
NormalLechonk
92%
Poison/GroundPaldean Wooper
92%
Fire/PsychicArmarouge
83%
Fire/GhostCeruledge
83%
FairyFidough
75%
Poison/NormalGrafaiai
75%
Normal/PsychicFarigiraf
67%
GhostGreavard
67%
WaterWiglett
67%
GhostGimmighoul (Chest Form)

Gimmighoul (Roaming Form)
50%
RockKlawf
42%
ElectricBellibolt
33%

Score Distribution

Percentile by Number Answered

Percent of People with Each Score

Your Score History

You have not taken this quiz